| 000 | 01264cam a2200373 a 4500 | ||
|---|---|---|---|
| 999 |
_c20817 _d20817 |
||
| 001 | 13102248 | ||
| 003 | OSt | ||
| 005 | 20200616101717.0 | ||
| 008 | 030114s2002 ii b 001 0 eng | ||
| 010 | _a 2002294579 | ||
| 020 | _a8179910709 | ||
| 020 | _a9788179910702 | ||
| 025 | _aI-E-2002-294579; 63-92 | ||
| 035 | _a(DLC) 2002294579 | ||
| 037 |
_bLibrary of Congress -- New Delhi Overseas Office _cRs350.00 |
||
| 040 |
_aDLC _coclc _dDLC |
||
| 042 | _alcode | ||
| 043 | _aa-ii--- | ||
| 050 | 0 | 0 |
_aDS422.C64 _bZ34 2002 |
| 082 |
_a305.600954 _bZAK/C |
||
| 100 |
_aZakaria, Rafiq _d1920-2005. _92137 |
||
| 245 | 1 | 0 |
_aCommunal rage in secular India / _cRafiq Zakaria ; foreword by Amartya Sen. |
| 260 |
_aMumbai : _bPopular Prakashan, _c2002. |
||
| 300 |
_axxvi, 248 p. ; _c23 cm. |
||
| 504 | _aIncludes bibliographical references (p. [228]-233) and index. | ||
| 520 | _aWith reference to Gujarat. | ||
| 650 | 0 |
_aRiots _zIndia _zGujarat. |
|
| 650 | 0 |
_aHindus _zIndia _zGujarat. |
|
| 650 | 0 |
_aMuslims _zIndia _zGujarat. |
|
| 651 | 0 |
_aGujarat (India) _xEthnic relations. |
|
| 906 |
_a7 _bcbc _corigode _d3 _encip _f20 _gy-gencatlg |
||
| 942 |
_2ddc _cBK _h305.600954 _iZAK/C _k305.600954 _mZAK/C |
||